00000000cas 2200000zi 4500
0019.937224
003CaOODSP
00520260323134628
006m     o  d f      
007cr |||||||||||
008240419d20242024oncux m o    f0###b0fre|d
040 |aCaOODSP|bfre|erda|cCaOODSP
043 |an-cn---
0861 |aFB3-6F-PDF
24500|aDocument d'analyse du personnel = |bStaff discussion paper.
24611|aStaff discussion paper
264 1|a[Ottawa] : |bBanque du Canada = Bank of Canada, |c2024-
310 |aIrrégulier
336 |atexte|btxt|2rdacontent/fre
337 |ainformatique|bc|2rdamedia/fre
338 |aressource en ligne|bcr|2rdacarrier/fre
500 |aPublié aussi en anglais sous le titre : Staff discussionpaper.
7102 |aBanque du Canada, |eorganisme de publication.
77508|tStaff discussion paper = |w(CaOODSP)9.806273